00626nam a2200133 a 4500008004100000050001100041100002100052245010100073260010000174350000900274995007800283999001700361952011400378120416s2002 ||||||||||||||||| || u aTHESIS aKabwiku, Leonard12aA study of total quality management (TQM) and its implementation in the Zambian contractor firms aKitwebCopperbelt University, School of Built Environment, Department of Building Sciencec2002 a0.00 D0.00FCBU-MAIN LIBRARY (Kitwe)H1I0.00UAVAILABLEZUniversity Collection c58963d58963 00102lcc4070a001b001cUniversity Collectiond2022-11-30l0oTHESISp9011691r2022-11-30w2022-11-30y002